| 000 | 00912nam a22003137 4500 | ||
|---|---|---|---|
| 001 | 01935 | ||
| 003 | DO-SdBNP | ||
| 005 | 20230403131557.0 | ||
| 007 | 01935 | ||
| 008 | 040419s2010 p li | ||| ||spa | ||
| 017 |
_a _b |
||
| 020 | _a9789972082955 | ||
| 040 |
_aBPMSU _bspa _cBPMSU _e |
||
| 041 | _h | ||
| 080 | 0 | _a | |
| 082 | 4 |
_a891.863 _bK118m 2010 _222 |
|
| 100 | 1 |
_aKafka, Franz _d1883-1924 |
|
| 245 | 1 | 3 |
_aLa metamorfosis y otros relatos / _cFranz Kafka ; prólogo Fenando Grados L. _h |
| 260 |
_aLima : _bChirre, _c2010 |
||
| 300 |
_a81 p.; _c22 cm |
||
| 490 | 0 |
_aLas obras de los genios de la literatura _v |
|
| 500 | _aIncluye cuestionario de comprensión de lectura | ||
| 590 | _6Inventariado, 2023/VM | ||
| 650 | 4 | _aNovela checoslovaca | |
| 650 | 4 | _aNovela psicológica. | |
| 700 | 1 |
_aGrados L., Fenando _epról. |
|
| 910 | _aVMateo V. Control de calidad | ||
| 942 |
_2ddc _cBK |
||
| 999 |
_c10918 _d10918 |
||